00610cam a22001817a 4500008004000000020001500040082001300055100002400068245008000092260002900172300001000201650003000211650003300241650003300274650001800307999001900325952008400344180718b2005 xxu||||| |||| 00| 0 eng d a8180691543 aT39 J199 aJain, Sures Chandra aGlobalization: debts, arms and reforms in South Asiacby Sures Chandra Jain aNew DelhibConceptc2005 a183p. aSouth Asia - Armed Forces aDebts, External - South Asia aSouth Asia - Economic policy aGlobalization c403603d403603 00104070aIIPAbIIPAd2005-03-17oT39 J199p80003r2018-07-21w2018-07-21yBK